College Football Teams in 1884 - Statistics

General Stats
  • This quiz has been taken 6 times
  • The average score is 13 of 26
Answer Stats
Answer % Correct
Dartmouth
100%
Harvard
100%
Michigan
100%
Pennsylvania
100%
Princeton
100%
Rutgers
100%
Yale
100%
Columbia
80%
Lafayette
60%
Massachusetts
60%
Navy
60%
Amherst
40%
Fordham
40%
Johns Hopkins
40%
Lehigh
40%
Stevens Tech
40%
Tufts
40%
Wesleyan
40%
CCNY
20%
Williams
20%
Albion
0%
Butler
0%
Denver
0%
DePauw
0%
Olivet
0%
Wabash
0%
No matching quizzes found
Score Distribution
Percent of People with Each Score
Percentile by Number Answered
Your Score History
You have not taken this quiz